|
|
|
|
| LEADER |
01161naa a2200241 i 4500 |
| 001 |
acta83822 |
| 005 |
20240412101321.0 |
| 008 |
240412s2023 hu o 1|| hun d |
| 020 |
|
|
|a 978-963-306-928-8
|
| 040 |
|
|
|a SZTE Egyetemi Kiadványok Repozitórium
|b hun
|
| 041 |
|
|
|a hun
|
| 100 |
1 |
|
|a Bölkény Ildikó
|
| 245 |
1 |
0 |
|a Permeabilitás mérés elmélete földgáz és földgáz-hidrogén elegy esetén
|h [elektronikus dokumentum] :
|b [absztrakt] /
|c Bölkény Ildikó
|
| 260 |
|
|
|a SZTE Mérnöki Kar
|b Szeged
|c 2023
|
| 300 |
|
|
|a 22
|
| 490 |
0 |
|
|a Műszaki, technológiai és gazdasági kihívások a 21. században : nemzetközi magyar nyelvű tudományos konferencia
|
| 650 |
|
4 |
|a Műszaki és technológiai tudományok
|
| 650 |
|
4 |
|a Környezetmérnöki tudományok
|
| 695 |
|
|
|a Permeabilitás - mérés - előadáskivonat, Földgáz - előadáskivonat, Hidrogén - előadáskivonat
|
| 700 |
0 |
1 |
|a Vadászi Marianna
|e aut
|
| 700 |
0 |
1 |
|a Saliby Ammar
|e aut
|
| 711 |
|
|
|a Műszaki, technológiai és gazdasági kihívások a 21. században
|c Szeged
|d 2023. március 31.
|
| 856 |
4 |
0 |
|u http://acta.bibl.u-szeged.hu/83822/1/mtg_kihivasok_konf_2023_022.pdf
|z Dokumentum-elérés
|